000 00580nam a22001697a 4500
003 BD-ChCU
005 20251215104800.0
008 251215b bg ||||| |||| 00| 0 ben d
040 _cBD-ChCU
082 _a330.4 SIF
100 _aGeorge J. Stigler.
_918132
245 _aFive lectures on economic problems :
_bfive delivered at the London School of economics and political science on the invitation of the senate of the University of London.//
_cJ. George Stigler.
260 _aLondon
_bLongmans.
_c1949
300 _a65p
650 0 _aEconomics.
_918135
942 _2ddc
_cBK
_n0
999 _c110445
_d110445